[Event "53rd Biel Blitz 2020"]
[Site "Biel"]
[Date "2020.07.25"]
[Round "3.2"]
[White "Anton Guijarro, David"]
[Black "Adams, Michael"]
[Result "0-1"]
[WhiteElo "2590"]
[BlackElo "2709"]
[Annotator "TA"]
[PlyCount "102"]
[EventDate "2020.07.21"]
[EventType "tourn"]
[EventCountry "SUI"]
[SourceTitle "playchess.com"]
[Source "ChessBase"]
[SourceQuality "1"]

{[%evp 9,102,4,19,8,10,23,15,15,16,15,25,22,22,16,37,15,15,19,6,9,14,-11,25,14,18,16,13,11,16,14,36,33,35,12,20,20,21,-12,-6,-48,0,-146,-146,-140,-141,-147,-147,-150,-144,-151,-154,-144,-134,-154,-128,-133,-123,-195,-185,-169,-174,-245,-191,-170,-116,-164,-164,-162,-148,-220,-214,-312,-279,-362,-362,-433,-426,-391,-362,-594,-544,-1183,-1157,-1191,-1161,-1117,-1026,-5485,-1360,-29990,-29991,-29994,-29995,-29995,-29996]} 1. Nf3 d5 2. b3 Bg4 3. Bb2 Nd7 4. e3 e6 5. h3 Bh5 6. d3 {A06: Réti Opening: 1 Nf3 d5.} Ngf6 7. g4 Bg6 8. Nh4 {The position is equal.} c6 9. Nd2 Qc7 10. Bg2 O-O-O 11. Qe2 {[#]} Bd6 $146 ({Predecessor:} 11... e5 12. a3 Nc5 13. O-O Ne6 14. Rfd1 Be7 15. b4 Ne8 16. Nf5 Bxf5 17. gxf5 Nf8 {0-1 (30) Hobuss,U (2402)-Bjarnason,O (2163) Basel 2001}) 12. f4 h6 13. Nxg6 fxg6 14. O-O-O e5 15. f5 g5 16. Kb1 Kb8 17. h4 gxh4 18. Rxh4 Rhe8 19. e4 d4 20. Nf3 Nh7 21. g5 Nxg5 22. Nxg5 hxg5 23. Rh5 Be7 24. Bc1 a5 {[%cal Ba7a5,Ba5a4][%mdl 32]} (24... g4 {keeps more tension.} 25. Rdh1 Rg8 26. Qe1 Rdf8 27. Qg3 g6) 25. Rxg5 (25. Bf3 $11 {keeps the balance.}) 25... Bxg5 $17 26. Bxg5 Rc8 27. Bf3 Rh8 28. Rg1 a4 29. Bc1 Rh7 30. Qe1 Qb6 31. Qg3 Rch8 32. Bg2 Qc5 33. Bb2 (33. Qe1 $17) 33... Ka7 34. Bc1 Nf6 35. Qe1 (35. Bd2 $142) 35... Rh4 36. Bf3 R8h7 (36... Rh2 $19 37. Bd1 axb3 38. axb3 R8h7) 37. Bd1 Rh2 38. Bd2 Qb6 39. Ba5 (39. Kb2 $17) 39... Qb5 $19 40. Bd2 (40. Kc1 $142) 40... Nd7 41. Bb4 Nc5 42. Ba3 axb3 43. axb3 Na6 44. Qg3 $2 {[#]} (44. Bf3 c5 45. Rg5) 44... Nb4 45. Bxb4 Qxb4 46. Qxe5 Rh1 47. Qg3 Qd2 48. Kb2 R7h2 (48... Rxg1 $142 49. Qxg1 c5) 49. Qd6 Qc3+ {Black mates.} 50. Kb1 Rxg1 51. Qa3+ {[#]} Kb6 $1 {Accuracy: White = 59%, Black = 81%.} 0-1

[Event "53rd Biel Blitz 2020"]
[Site "Biel"]
[Date "2020.07.25"]
[Round "3.3"]
[White "Edouard, Romain"]
[Black "Wojtaszek, Radoslaw"]
[Result "0-1"]
[WhiteElo "2614"]
[BlackElo "2690"]
[Annotator "TA"]
[PlyCount "64"]
[EventDate "2020.07.21"]
[EventType "tourn"]
[EventCountry "SUI"]
[SourceTitle "playchess.com"]
[Source "ChessBase"]
[SourceQuality "1"]

{[%evp 13,64,2,2,-32,-24,-56,25,25,23,25,27,18,29,0,0,0,8,8,7,0,13,0,0,0,0,-26,-20,-37,0,-6,0,-85,-35,-46,0,-170,-164,-157,-62,-224,-220,-216,-209,-201,-187,-664,-656,-1304,-1268,-29993,-29994,-29994,-29995]} 1. c4 Nf6 2. Nc3 e5 3. Nf3 Nc6 4. g3 Bb4 5. Nd5 Bc5 6. Bg2 d6 7. O-O O-O 8. d4 {A29: English Opening: Four Knights Variation with 4 g3.} Nxd4 9. Bg5 {[#]} Ne6 $146 (9... Nxf3+ $15 10. Bxf3 c6 11. Nxf6+ gxf6) ({Predecessor:} 9... c6 10. Nxd4 cxd5 11. Nb3 dxc4 12. Nxc5 dxc5 13. Qc2 Be6 14. Bxb7 Rb8 15. Bg2 h6 {½-½ (34) Dubov,D (2661)-Khairullin,I (2653) Kaliningrad 2015}) 10. Bxf6 $11 {White has an edge.} gxf6 11. b4 Bb6 12. Nh4 Ng7 13. Qc2 Bd4 $36 {[%mdl 2048] Black has the initiative.} 14. Rad1 c6 15. e3 cxd5 16. exd4 dxc4 $1 17. Qxc4 Qe7 18. Rfe1 Bg4 19. f3 Be6 20. Qd3 Rac8 21. f4 Qc7 22. f5 (22. Qe3 $11) 22... Bc4 23. Qe3 Rfe8 24. Qh6 $2 (24. dxe5 $11 {and White is okay.} dxe5 25. Qxa7) 24... exd4 $19 (24... Bxa2 25. Re4 $14) 25. Qxf6 d3 (25... Bxa2 26. Rxe8+ Rxe8 27. Qxd4 $11) (25... Qb6 $17 26. Rxe8+ Rxe8) 26. Qh6 $2 {This move loses the game for White.} ({White should play} 26. Qd4 $15) 26... Qb6+ ({But not} 26... Bxa2 $2 27. f6 $18) 27. Kh1 {[#] White wants to mate with f6.} Rxe1+ $1 ({And not} 27... Qxb4 28. Rf1 $11) ({Avoid the trap} 27... Bxa2 $2 28. f6 $18) 28. Rxe1 {[#] f6 would kill now.} Qf2 $1 29. Rf1 $2 {[#]} (29. Nf3 Nxf5 30. Qg5+ Ng7 31. a4) 29... d2 $1 {[%mdl 512]} 30. f6 {[%csl Gf6][%cal Rh6g7] [#]} Ne6 $1 {[%mdl 512]} 31. Qh5 Bxf1 32. Qg4+ Kf8 {Accuracy: White = 37%, Black = 69%.} 0-1

[Event "53rd Biel Blitz 2020"]
[Site "Biel"]
[Date "2020.07.25"]
[Round "3.4"]
[White "Harikrishna, Pentala"]
[Black "Keymer, Vincent"]
[Result "1/2-1/2"]
[WhiteElo "2663"]
[BlackElo "2476"]
[Annotator "TA"]
[PlyCount "50"]
[EventDate "2020.07.21"]
[EventType "tourn"]
[EventCountry "SUI"]
[SourceTitle "playchess.com"]
[Source "ChessBase"]
[SourceQuality "1"]

{[%evp 17,50,15,18,25,24,18,18,16,24,10,18,0,0,0,11,0,0,-2,0,0,0,0,0,0,27,20,14,-50,0,0,0,0,0,0,0]} 1. c4 c6 2. d4 d5 3. Nc3 Nf6 4. cxd5 cxd5 5. Bf4 Nc6 6. e3 a6 7. Bd3 Bg4 8. Nge2 e6 9. O-O Bd6 10. f3 {D10: Slav Defence: 3 cxd5 (without early Nf3) and 3 Nc3.} Bh5 11. Bxd6 Qxd6 12. Nf4 Bg6 13. Qd2 O-O {[#]} 14. Nxg6 $146 ({Predecessor:} 14. Rfc1 Rfe8 15. Bxg6 hxg6 16. Nd3 e5 17. dxe5 Nxe5 18. Nxe5 Rxe5 19. Re1 Rae8 20. Qd4 {0-1 (60) Yilmaz,M (2521)-Kobalia,M (2673) Moscow 2012}) 14... hxg6 15. f4 Rfc8 16. Rfc1 b5 17. Ne2 Nb4 18. Rxc8+ Rxc8 19. Rc1 Rxc1+ 20. Nxc1 Ne4 21. Bxe4 dxe4 22. Kf2 ({White should try} 22. a3 $11 Nd5 23. Nb3) 22... Qc6 23. Qxb4 {The position is equal.} Qxc1 24. Qc3 Qd1 25. h3 Kh7 {A rather calm draw. Accuracy: White = 88%, Black = 79%.} 1/2-1/2

[Event "53rd Biel Blitz 2020"]
[Site "Biel"]
[Date "2020.07.25"]
[Round "4.1"]
[White "Naiditsch, Arkadji"]
[Black "Studer, Noel"]
[Result "1-0"]
[WhiteElo "2581"]
[BlackElo "2422"]
[Annotator "TA"]
[PlyCount "113"]
[EventDate "2020.07.21"]
[EventType "tourn"]
[EventCountry "SUI"]
[SourceTitle "playchess.com"]
[Source "ChessBase"]
[SourceQuality "1"]

{[%evp 9,113,0,0,0,8,12,14,15,13,12,10,0,9,4,14,5,24,6,14,-16,-15,-18,-29,-28,-33,-27,10,-46,164,173,247,246,247,235,247,233,413,407,407,407,407,409,385,131,106,98,115,129,252,247,314,177,251,240,240,200,188,111,85,37,624,638,827,823,808,801,800,729,726,701,897,847,801,0,0,0,781,763,847,772,1050,1108,29978,29979,29980,29981,29987,29988,29990,29991,29993,29985,29983,2560,29975,29976,29975,29976,29939,9403,29987,29988,29987,29988,29990,29991]} 1. a3 e5 2. c4 Nf6 3. Nc3 d5 4. cxd5 Nxd5 5. e4 Nxc3 6. bxc3 {[#] A22: English Opening: 1...e5 2 Nc3 Nf6.} c5 $146 ({Predecessor:} 6... Bc5 7. Nf3 Nc6 8. Bc4 O-O 9. O-O Qf6 10. Rb1 h6 11. Bd5 Rd8 12. Qe2 Ne7 13. Nxe5 Qxe5 {½-½ (21) Krecak,Z (2314)-Marek,S (2442) ICCF email 2012}) 7. Nf3 Bd6 8. Bc4 {The position is equal.} O-O 9. O-O Nc6 10. Rb1 Rb8 11. h3 Na5 12. Bd5 c4 13. a4 Qe7 14. Qe2 Be6 15. d4 cxd3 16. Qxd3 Bxd5 17. Qxd5 b6 18. Be3 ({White should try} 18. Rd1 $11 Bc7 19. Bg5) 18... Rfd8 $2 (18... Qc7 $15) 19. Bg5 $36 {[%mdl 2112] Skewer. White is really pushing.} Qe6 (19... Qb7 $142) 20. Qxe6 fxe6 21. Bxd8 Rxd8 22. Rfd1 Nc6 $2 (22... Nb7 23. a5 Nxa5 24. Nxe5 Kf8) 23. Ng5 Be7 24. Nxe6 Rc8 {Black hopes to continue with ...Kf7.} 25. Rd7 Kf7 26. Nc7 $2 (26. Rc7 $18 {and the rest is easy.} Rxc7 27. Nxc7) 26... Nb8 $16 27. Rbd1 Nxd7 28. Rxd7 {[%mdl 4096] Endgame And now Nd5 would win. KRB-KRN} Kf8 (28... Rd8 $16 29. Rxd8 Bxd8) 29. Nd5 Bc5 30. g4 (30. Rxa7 $142 Kg8 31. Kf1) 30... a5 (30... Kg8 $142 31. Kg2 (31. Rxa7 Rf8 $16) 31... Rf8) 31. Kg2 $18 Rc6 32. h4 Ba3 33. Nc7 ({White should play} 33. Rd8+ $18 Kf7 34. Rd7+ Kf8 35. Rb7) 33... Bb2 $16 34. f4 Bxc3 $2 {[%mdl 8192]} (34... exf4 $14 35. Kf3 Rxc3+ 36. Kxf4 Rc4) 35. f5 $18 Bb4 36. Ne6+ {[%mdl 64] Double Attack} Ke8 37. Rxg7 Rc2+ 38. Kf3 Rc3+ 39. Ke2 Rc4 40. f6 {White threatens f7+ and mate.} Rc2+ 41. Kd3 Rc3+ 42. Ke2 Rc2+ {[#] White stays focused until the end.} 43. Kd1 $1 {White wants to mate with f7+.} Rd2+ 44. Kc1 {Intending f7+ and mate.} Rf2 45. g5 Ba3+ 46. Kd1 Bb4 47. Rxh7 b5 48. axb5 {[%cal Ba4b5,Bb5b6][%mdl 32]} a4 49. b6 a3 50. Ra7 a2 51. h5 (51. b7 $142 a1=Q+ 52. Rxa1 Bd6 53. Ra7 Rf1+ 54. Ke2 Bb8 55. Kxf1 Bxa7 56. g6) 51... a1=Q+ 52. Rxa1 Rf1+ 53. Kc2 Rxa1 54. g6 Rh1 55. f7+ {White mates.} Kd7 56. g7 Kxe6 57. g8=Q {Accuracy: White = 72%, Black = 51%.} 1-0

[Event "53rd Biel Blitz 2020"]
[Site "Biel"]
[Date "2020.07.25"]
[Round "4.2"]
[White "Adams, Michael"]
[Black "Anton Guijarro, David"]
[Result "1-0"]
[WhiteElo "2709"]
[BlackElo "2590"]
[Annotator "TA"]
[PlyCount "114"]
[EventDate "2020.07.21"]
[EventType "tourn"]
[EventCountry "SUI"]
[SourceTitle "playchess.com"]
[Source "ChessBase"]
[SourceQuality "1"]

{[%evp 12,114,10,10,12,8,14,16,16,15,16,8,18,14,17,18,12,-10,-8,-11,4,6,29,21,29,9,39,43,35,16,33,30,67,41,52,47,64,68,114,112,112,116,111,117,108,115,110,118,222,220,223,216,229,234,297,296,292,281,589,591,581,578,529,444,529,523,621,628,628,625,614,600,585,582,548,493,497,487,777,772,1077,957,1011,990,916,852,12833,12831,12835,12835,12837,12835,12836,12836,12837,12837,12840,12839,12841,12842,12850,29976,12851,29980,12851]} 1. e4 e5 2. Nf3 Nc6 3. Bc4 Bc5 4. d3 Nf6 5. O-O d6 6. c3 O-O 7. Re1 a5 {is the new trend. C54: Giuoco Piano: 4 c3 Nf6, main lines with 5 d4 and 5 d3.} 8. Nbd2 Be6 9. Bb5 Qb8 {The position is equal.} 10. Nf1 Qa7 11. Be3 Bxe3 12. Nxe3 Qb6 13. a4 Ng4 {[#]} 14. Qd2 $146 ({Predecessor:} 14. Ng5 Nxe3 15. Rxe3 Nd8 16. d4 c6 17. Bf1 h6 18. Nf3 Bg4 19. Bc4 Ne6 20. dxe5 dxe5 {½-½ (36) McShane,L (2667)-Anton Guijarro,D (2649) Germany 2019}) 14... Nxe3 15. Rxe3 Ne7 16. d4 Ng6 17. Ng5 c6 18. Bf1 Rad8 19. Nxe6 fxe6 20. Rd1 exd4 21. cxd4 d5 22. Qc2 Rf7 23. g3 Rdf8 24. Rd2 Ne7 {Black is on the road to losing.} 25. Bh3 Rf6 26. exd5 cxd5 27. Qc5 Qxc5 28. dxc5 Kf7 29. Rde2 Nf5 (29... Rd8 $16 30. Bxe6+ Kf8) 30. Bxf5 $1 $18 Rxf5 31. Rxe6 {[%mdl 4096] Endgame KRR-KRR} Rc8 32. Re7+ Kg6 33. Rxb7 Rxc5 34. Ree7 d4 $2 {[#]} (34... Kf6 {is more resistant.} 35. Rxg7 Rc1+ 36. Kg2 Rc2) 35. Rxg7+ Kf6 36. Rgf7+ Kg6 37. Rfd7 Rc1+ 38. Kg2 Rc2 39. Rg7+ Kf6 40. Rgf7+ Kg6 41. Rxf5 Kxf5 {KR-KR} 42. Kf3 d3 43. Rb5+ Ke6 44. h4 d2 (44... Re2 $142 45. Rb3 (45. Rxa5 Re1 $11) 45... Rc2 46. Rxd3 Rxb2) 45. Ke2 d1=Q+ 46. Kxd1 Rxf2 47. b3 Rg2 48. Rxa5 Rxg3 49. Rb5 Rg2 50. h5 Kd6 51. a5 Kc6 52. Rb6+ Kc5 53. h6 Kd4 54. Rc6 Rb2 55. Rc7 Rxb3 56. Rxh7 Rh3 57. a6 Kd5 {Accuracy: White = 97%, Black = 61%.} 1-0

[Event "53rd Biel Blitz 2020"]
[Site "Biel"]
[Date "2020.07.25"]
[Round "4.3"]
[White "Wojtaszek, Radoslaw"]
[Black "Edouard, Romain"]
[Result "1-0"]
[WhiteElo "2690"]
[BlackElo "2614"]
[Annotator "TA"]
[PlyCount "63"]
[EventDate "2020.07.21"]
[EventType "tourn"]
[EventCountry "SUI"]
[SourceTitle "playchess.com"]
[Source "ChessBase"]
[SourceQuality "1"]

{[%evp 20,63,34,31,39,37,52,31,43,45,66,66,49,59,67,60,53,37,32,22,30,0,0,0,35,-63,-36,-35,62,36,27,37,60,58,266,261,267,250,245,143,521,512,508,501,1175,1089]} 1. d4 Nf6 2. c4 e6 3. Nf3 c5 4. d5 d6 5. Nc3 exd5 6. cxd5 g6 7. Nd2 Bg7 8. e4 O-O 9. Be2 Re8 10. O-O Na6 11. f3 Nd7 {A79: Modern Benoni: Classical: 9...Re8 10 Nd2 Na6 11 f3.} 12. Kh1 {[#]} Rb8 $146 ({Predecessor:} 12... Nc7 13. a4 Qe7 14. Nc4 Ne5 15. Ne3 f5 16. f4 Nf7 17. exf5 Bxf5 18. Nxf5 gxf5 19. Bh5 Rf8 20. Ra3 Kh8 21. Re1 Qd7 22. g4 {1-0 (51) Kudr,R (2343)-Anikin,V (2313) ICCF email 2018}) 13. Nc4 Ne5 {White is slightly better.} 14. Ne3 f5 15. f4 Nf7 16. exf5 gxf5 17. Bd3 Qf6 18. Qh5 {[%cal Re3f5]} Qg6 19. Qh3 {[%cal Re3f5]} (19. Qh4 {looks sharper.} Nh6 20. Bb5 Rf8 21. h3 Bf6 22. Qf2) 19... Nh6 $1 20. Bd2 Bd7 21. Rae1 b5 {[%cal Bb7b5,Bb5b4][%mdl 32]} 22. Rf3 (22. a4 $14) 22... c4 23. Rg3 Qf6 (23... Ng4 $15 24. Nxg4 Rxe1+ 25. Bxe1 fxg4 26. Bxg6 gxh3) 24. Bb1 {[#] And now Nxb5! would win.} (24. Ncd1 $5 {[%cal Rd2c3]} b4 25. Nxc4 $16 (25. Bxc4 Nc5 $11)) 24... b4 25. Ncd1 Rbc8 26. Rf1 Rf8 $2 ({Black should try} 26... c3 $14 27. bxc3 bxc3 28. Bxc3 Rxc3 29. Nxc3 Qxc3) 27. a3 $18 c3 28. bxc3 {[%mdl 64] [#] Overworked Piece} bxc3 29. Nxc3 ({White should play} 29. Bxc3 $18 Rxc3 30. Nxc3) 29... Rxc3 $4 {[%mdl 8192]} (29... Kh8 $16) 30. Bxc3 {White is clearly winning.} Qxc3 31. Qxh6 $1 Re8 (31... Qf6 $142 32. Qh5 Qf7) 32. Qxd6 {[%mdl 64] Double Attack. Accuracy: White = 71%, Black = 56%.} 1-0

[Event "53rd Biel Blitz 2020"]
[Site "Biel"]
[Date "2020.07.25"]
[Round "4.4"]
[White "Keymer, Vincent"]
[Black "Harikrishna, Pentala"]
[Result "0-1"]
[WhiteElo "2476"]
[BlackElo "2663"]
[Annotator "TA RC"]
[PlyCount "70"]
[EventDate "2020.07.21"]
[EventType "tourn"]
[EventCountry "SUI"]
[SourceTitle "playchess.com"]
[Source "ChessBase"]
[SourceQuality "1"]

{[%evp 9,70,6,8,8,18,19,19,14,21,13,16,15,6,15,10,16,20,6,47,47,51,49,42,34,41,33,43,30,45,-108,-100,-192,-172,-183,-187,-249,-241,-247,-246,-243,-260,-245,-251,-364,-362,-716,-686,-697,-700,-698,-698,-715,-718,-717,-706,-691,-682,-978,-944,-1193,-1178,-1138,-1126]} 1. Nf3 d5 2. e3 Nf6 3. c4 e6 4. Nc3 Bd6 5. b3 b6 6. Bb2 {A17: English Opening: 1...Nf6 with ...Bb4.} a6 7. cxd5 exd5 8. g3 {The position is equal.} O-O 9. Bg2 Bb7 10. O-O Re8 11. Rc1 Nbd7 {[#]} 12. Re1 $146 ({Predecessor:} 12. Ne2 a5 13. Ned4 Nc5 14. Qc2 Bf8 15. Rfd1 Nfe4 16. d3 Nd6 17. a3 Qd7 18. h4 {½-½ (52) Tomashevsky,E (2712)-Ganguly,S (2644) Germany 2020}) 12... c5 13. d4 Bf8 14. Ne2 a5 15. a4 Ne4 16. Nf4 Ndf6 17. Ne5 cxd4 18. exd4 Bb4 19. Re3 $2 (19. Re2 $1 $14) 19... Bd2 $17 {Black keeps a firm grip on the game.} 20. Re2 (20. Rxe4 $17 {is a better defense.} Nxe4 21. Bxe4 Rxe5 22. Bxh7+ Kxh7 23. Qxd2) 20... Bxc1 $19 21. Qxc1 Rc8 22. Qe3 {[#]} (22. Rc2 $142) 22... Ba6 $1 23. Nfd3 Nd7 24. Bh3 Nxe5 25. dxe5 Rc7 26. Qd4 (26. Re1 $142) 26... Nc5 27. Nxc5 $2 (27. Bf5) 27... bxc5 {Black is clearly winning.} 28. Qd2 Bxe2 29. Qxe2 c4 30. bxc4 dxc4 31. Bc3 Qd3 32. Qb2 Qd1+ {[%mdl 64] [#] Double Attack} 33. Kg2 Qd5+ 34. Kg1 Rb7 35. Qc1 Qd3 {Accuracy: White = 57%, Black = 96%.} 0-1

[Event "53rd Biel Blitz 2020"]
[Site "Biel"]
[Date "2020.07.25"]
[Round "5.1"]
[White "Keymer, Vincent"]
[Black "Studer, Noel"]
[Result "0-1"]
[WhiteElo "2476"]
[BlackElo "2422"]
[Annotator "TA"]
[PlyCount "92"]
[EventDate "2020.07.21"]
[EventType "tourn"]
[EventCountry "SUI"]
[SourceTitle "playchess.com"]
[Source "ChessBase"]
[SourceQuality "1"]

{[%evp 22,92,7,7,8,6,1,0,0,0,0,0,0,-12,0,-15,22,0,0,0,0,0,7,0,9,-14,0,0,8,0,4,0,0,0,17,0,14,-80,-92,-82,-80,-97,-96,-175,-65,-76,-79,-153,-153,-137,-132,-191,0,-135,0,-90,-90,-94,-25,-143,-112,-924,-860,-740,-1069,-595,-595,-595,-562,-5122,-5097,-29971,-29972]} 1. d4 Nf6 2. c4 e6 3. Nf3 d5 4. Nc3 Bb4 5. Bg5 h6 6. Bxf6 Qxf6 7. e3 O-O 8. Qb3 c5 9. cxd5 exd5 10. dxc5 Bxc3+ 11. Qxc3 Qxc3+ 12. bxc3 Nd7 {[#] D38: Queen's Gambit Declined: Ragozin Defence (4 Nf3 Bb4).} 13. Nd4 $146 ({Predecessor:} 13. Rd1 Nf6 14. Nd4 Bd7 15. f3 Rfc8 16. Nb3 Ba4 17. Rd4 Bxb3 18. axb3 Rxc5 19. Kd2 Ra5 20. Bd3 {1-0 (43) Carlsen,M (2863)-Ding,L (2791) chess24.com INT 2020}) 13... Nxc5 14. f3 Bd7 {The position is equal.} 15. Kd2 Rfc8 16. Be2 Rc7 17. Rhc1 Rac8 18. Rab1 a6 19. c4 dxc4 20. Bxc4 Na4 21. Bb3 Nc3 22. Ra1 b5 23. Ne2 b4 24. Nxc3 bxc3+ 25. Kc2 a5 26. Rab1 Kf8 27. Rd1 Rb8 28. e4 f5 29. e5 (29. Rd3 $11) 29... f4 $1 $17 {Hoping for ...Bf5+.} 30. e6 Be8 {Strongly threatening ...Bg6+.} 31. Bd5 Rd8 32. Rb6 (32. Rd3 $17 {is a better defense.}) 32... Ke7 (32... Rc5 $1 $19 33. Bb3 Rxd1 34. Kxd1 a4) 33. Kc1 $15 Rc5 34. Be4 (34. Rb7+ $142 Kf6 35. Be4 Rxd1+ 36. Kxd1) 34... Rxd1+ $17 35. Kxd1 {[%mdl 4096] Endgame KRB-KRB} Ba4+ 36. Kc1 (36. Bc2 $17 {keeps fighting.} Rd5+ 37. Kc1 Bxc2 38. Kxc2) 36... c2 $2 (36... Rg5 $19 37. Bc2 Be8 38. Rb7+ Kxe6 39. Bb3+ Kd6) 37. Bd3 (37. Rb7+ $11 Kxe6 38. Rxg7) 37... Rc3 ({Black should try} 37... Rg5 $1 $17 {[%cal Rg5g2]} 38. Bxc2 Bxc2 39. Kxc2 Rxg2+ 40. Kd3 Rxh2) 38. Bf5 {[#]} (38. Bb5 $11 Ra3 39. Bxa4 Rxa4 40. Rb7+ Kxe6 41. Rxg7) 38... Kf6 $1 {[%cal Rf6f5]} 39. Be4 {[#]} Rc5 (39... Re3 $1 $17 {[%cal Re3e1] ( -> ...Re1+)} 40. Bxc2 Bxc2 41. Kxc2 Re2+ {[%mdl 64] Double Attack} 42. Kd3 Rxg2) 40. Rb2 (40. Rd6 $11 {remains equal.}) 40... Kxe6 41. Bxc2 $2 {[%mdl 8192] This costs White the game.} (41. Rb6+ $17 Ke5 42. Rb7) 41... Kd5 $19 42. Kd2 Rxc2+ 43. Rxc2 Bxc2 44. Kxc2 Kc4 45. Kd2 Kd4 46. h4 h5 {Accuracy: White = 50%, Black = 81%.} 0-1

[Event "53rd Biel Blitz 2020"]
[Site "Biel"]
[Date "2020.07.25"]
[Round "5.2"]
[White "Wojtaszek, Radoslaw"]
[Black "Harikrishna, Pentala"]
[Result "1-0"]
[WhiteElo "2690"]
[BlackElo "2663"]
[Annotator "TA"]
[PlyCount "71"]
[EventDate "2020.07.21"]
[EventType "tourn"]
[EventCountry "SUI"]
[SourceTitle "playchess.com"]
[Source "ChessBase"]
[SourceQuality "1"]

{[%evp 12,71,20,17,23,24,36,16,17,24,21,16,23,24,29,33,23,38,31,10,14,13,32,23,25,29,25,5,11,9,14,8,60,60,61,58,116,116,108,110,372,50,50,52,316,291,272,32,24,0,620,620,589,589,1156,1141,4167,2004,1654,1293,29994,29995]} 1. d4 Nf6 2. c4 e6 3. Nf3 d5 4. Nc3 Be7 5. Bf4 O-O 6. e3 b6 {6...b6 is setting a new trend. Played by Alexander Grischuk in June 2020.} 7. Be2 dxc4 {D37: Queen's Gambit Declined: 5 Bf4.} 8. Bxc4 Ba6 9. Qe2 Bxc4 {The position is equal.} 10. Qxc4 c5 11. dxc5 bxc5 12. O-O {[#]} Nbd7 $146 ({Predecessor:} 12... Nc6 13. Rac1 Rc8 14. Ne5 Qb6 15. Nxc6 Rxc6 16. b3 h6 17. Rfd1 Qb7 18. h3 Rfc8 {1-0 (97) Carlsen,M (2842)-Nakamura,H (2777) Saint Louis 2018}) 13. Rfd1 Qb6 14. Rd2 Qb7 15. Rad1 Nb6 16. Qe2 h6 17. h3 Nfd5 18. Be5 Rfd8 19. e4 (19. b3 {is interesting.} Rac8 20. Nxd5 exd5 21. Qd3 c4 22. Qf5) 19... Nxc3 20. Bxc3 Rxd2 21. Rxd2 Rd8 (21... c4 $11) 22. Rxd8+ $14 Bxd8 23. Qb5 {Black must now prevent Qe8+.} Be7 (23... Qe7 $14) 24. Qe8+ $16 Bf8 25. Ne5 a6 $2 {[%mdl 8192]} (25... Qe7 $16 {was called for.} 26. Qb8 Kh7) 26. a4 $2 ({Better is} 26. Ba5 $18) 26... Qe7 $14 27. Qc6 $36 {[%mdl 2048] White has some pressure.} Qd8 $2 {[%mdl 8192]} ({Black should play} 27... Qd6 $1 $14) 28. Qb7 Be7 29. Nc6 $2 ({Not} 29. Qxa6 Qd1+ 30. Kh2 Nxa4 $16) (29. a5 $18 Na4 30. g3 (30. Qxa6 Nxc3 31. bxc3 Bf6 $11)) 29... Qd1+ 30. Kh2 Bg5 $2 {[%mdl 8192]} (30... Bd6+ $11 31. e5 Qc1) 31. Qxb6 $18 Bf4+ 32. g3 Bxg3+ 33. Kxg3 {Intending Qb8+ and mate.} Qg1+ {[#]} 34. Kf3 $1 Qd1+ {[#]} 35. Ke3 $1 Qe1+ 36. Bxe1 {Accuracy: White = 69%, Black = 58%.} 1-0

[Event "53rd Biel Blitz 2020"]
[Site "Biel"]
[Date "2020.07.25"]
[Round "5.3"]
[White "Adams, Michael"]
[Black "Edouard, Romain"]
[Result "1-0"]
[WhiteElo "2709"]
[BlackElo "2614"]
[Annotator "TA"]
[PlyCount "53"]
[EventDate "2020.07.21"]
[EventType "tourn"]
[EventCountry "SUI"]
[SourceTitle "playchess.com"]
[Source "ChessBase"]
[SourceQuality "1"]

{[%evp 9,53,10,40,46,31,47,48,42,285,202,208,226,796,563,554,582,826,652,795,759,799,716,29991,29992,29992,2085,1909,1764,29993,3573,2954,848,2024,1270,1269,1238,1734,1037,29989,956,947,941,6619,6610,29989,29990]} 1. e4 c5 2. Nf3 d6 3. Bb5+ Nd7 4. Ba4 Ngf6 5. O-O Nxe4 6. Re1 $1 {[%cal Re1e4] B51: Sicilian: Moscow Variation (3 Bb5+) without 3...Bd7.} Nef6 7. d4 cxd4 8. Nxd4 {[#] White is slightly better.} (8. Qxd4 e5 $15) 8... d5 $146 ({Black should play} 8... e6 $14) ({Predecessor:} 8... e6 9. Nb5 a6 10. Nxd6+ Bxd6 11. Qxd6 Qe7 12. Qxe7+ Kxe7 13. c4 b6 14. Nc3 Bb7 {0-1 (47) Antipov,M (2589)-Sakaev,K (2584) St Petersburg 2018}) 9. Bf4 a6 10. Nc3 $40 {[%cal Bb1c3,Bc3d5,Bd5f6][%mdl 160] Nf5 is the strong threat. White attacks with force.} e6 $2 (10... b5) 11. Rxe6+ fxe6 12. Nxe6 Qb6 13. Nc7+ Kf7 14. N3xd5 ({Less strong is} 14. Nxa8 Qxb2 15. Bd2 (15. Nxd5 Nc5 $16) 15... Nc5 $14) 14... Qa5 15. Bb3 {White wants to mate with Nxf6+.} ({Not} 15. Qe2 $2 Qxa4 16. c4 (16. Qe6+ $2 Kg6 $19) 16... Nc5 $17) 15... Ra7 16. Nxf6+ Kxf6 {[#]} 17. Ne8+ (17. Qg4 $142 $1 {[%mdl 512]} Qe5 18. Bxe5+ Nxe5 19. Ne8+ Ke7 20. Qxc8 g6 21. Rd1 Nf3+ 22. gxf3 Bh6 23. Qe6+ Kf8 24. Qf7#) 17... Ke7 $18 18. Nd6 Qb4 19. Nxc8+ (19. Qe2+ $142 Ne5 20. Qxe5+ Kd7 21. Qe8+ Kc7 {[#]} 22. Nb5+ $1 {[%mdl 576] Double Attack, Discovered Attack (Double check)} Kb6 23. Bc7+ Kc5 24. Qe5+ Kc6 25. Qd5#) 19... Kd8 20. Bd2 (20. Be6 $142 Bd6 21. Bxd6) 20... Qd4 21. Nxa7 {White threatens Ba5+ and mate.} Qxa7 22. Be6 {Intending Bg5+ and mate.} b5 23. Be3 Qc7 24. Qd5 (24. Bb6 $142 Ke7 25. Bxc7 Kxe6 26. Qg4+ Kf7 27. Qxd7+ Be7 28. Re1 Re8 29. Bd6) 24... Bd6 25. Rd1 Ke7 26. Bxd7 Qxd7 27. Bg5+ {Black got outplayed after the opening. Accuracy: White = 44%, Black = 26%.} 1-0